| 000 | 01604cam a22001934a 4500 | ||
|---|---|---|---|
| 005 | 20250605164312.0 | ||
| 008 | 250528s ||||||||||||||||||||||||d | ||
| 035 | _a22519 | ||
| 040 |
_aGR-AtMCL _bgre _dGR-AtMCL _eAACR2 |
||
| 245 | 1 | _aΗ Διεξαγωγή της Ποιοτικής Έρευνας | |
| 260 |
_bΠεδίο, _c2011 |
||
| 300 | _a328 | ||
| 520 | _aΤο παρόν βιβλίο αποτελεί μια απλη, κατανοητή και πολύ εύχρηστη εισαγωγή στις ποιοτικές μεθόδους έρευνας. Πρόλογος ,Θέτοντας Δύσκολα Ερωτήματα που Αφορούν την Ποιοτική Έρευνα, Προγραμματισμος και Σχεδιασμός της Ποιοτικής Έρευνας, Παραγωγή Ποιοτικών Δεδομένων: Συνέντευξη, Παραγωγή Ποιοτικών Δεδομένων: Γραπτό και Οπτικό Ερευνητικό Υυλικό, Δειγματοληψία και Επιλογή, Κατάταξη και Οργάνωση και Ταξινόμηση Ποιοτικών Δεδομένων, Παραγωγή Πειστικών Αναλύσεων και Εξηγήσεων, Συμπέρασμα: Η Επαγγελματική Άσκηση της Ποιοτικής Έρευνας, Βιβλιογραφικές Αναφορές, Ευρετήριο Ονομάτων, Ευρετήριο Όρων και Θεμάτων. | ||
| 700 | 1 |
_aMason Jennifer _98319 |
|
| 700 | 1 | _aΚυριαζή Νότα | |
| 942 | _cBK | ||
| 999 |
_c7569 _d7569 |
||